000 00484nam a2200193Ia 4500
005 20240823051957.0
008 240823s9999||||xx |||||||||||||| ||und||
020 _a978-93-8061-872-2
041 _aENGLISH
082 _A510.2462 Q1
100 _aGhosh B N
245 0 _aUnderstanding Engineering Humanities
250 _a2nd
260 _c2011
_bAne Books Pv
500 _aTRANSFERED
650 _aEngineering Humanities
_bManagement Studies
942 _cBK
999 _c220802
_d220802